| 000 | 01458nam a2200361 c 4500 | ||
|---|---|---|---|
| 003 | BLK | ||
| 005 | 20250401103843.0 | ||
| 008 | 180409b bul|||||r ||||||| ||bul|| | ||
| 010 | _aKNG00113677000 | ||
| 020 |
_a954-529-298-9 _bиздат.: Колибри |
||
| 040 | _aBLK | ||
| 041 |
_aBUL _cBUL |
||
| 072 | 7 |
_2bullib _aН83 _xЧужда художествена литература Н |
|
| 080 |
_aМексиканска литература _b821.134.2(720) _x-31 _z821.134.2(720)-31 |
||
| 100 | 1 |
_aЕскивел, Лаура _eпърви автор _967631 |
|
| 700 | 1 |
_aМаркова, Илинда _eпрев. от исп. _9363394 |
|
| 139 |
_aЕскивел, Лаура _bЕ 88 |
||
| 245 | 1 | 0 |
_aКато гореща вода за шоколад _bРоман _cЛаура Ескивел; прев. от исп. Илинда Маркова. |
| 250 | _a2. изд. | ||
| 257 | _aMEX | ||
| 260 |
_аСофия _bКолибри _c2004 _fСофия : Симолини |
||
| 300 |
_a224 с. _c20 см |
||
| 380 | _aX | ||
| 500 | _a1. изд. 1995 на изд. Хемус в Библ. Златни зърна. - Ориг. загл. Como aqua para chocolate / Laura Esquivel. | ||
| 653 | _aромани | ||
| 659 | _aН | ||
| 852 | _aЦб 220000 | ||
| 856 | 4 |
_qpdf _u |
|
| 856 | 4 |
_qpdf _u |
|
| 942 |
_cKNG _n0 _04 |
||
| 944 |
_aCR _c17.06.2004 _k30530 _lМинев Младен |
||
| 944 |
_aED _c06.03.2017 _kЛюдмила_Стоянова |
||
| 999 |
_c108374 _d108374 |
||